• 首页
  • 本馆介绍
  • 公告通知
  • 最新文献
  • 馆藏检索
  • 电子资源
  • 读者导购
  • 参考咨询
  • 我的图书馆
  • 登录
  • 详细信息显示
  • 放入我的书架
  • 预约/预借图书
  • 作者相关作品
  • 分类相关作品
  • 丛书相关作品
  • 出版社相关作品

书目信息

  • 表格格式
  • 工作单格式
  • 卡片格式
题名:
金针菇优质生产技术
    
 
作者: 高春燕 , 王朝江 , 李慧 编著
分册:  
出版信息: 北京   中国科学技术出版社  2019.06
页数: 141页, 4页图版
开本: 21cm
丛书名:
单 册:
中图分类: S646.1
科图分类:
主题词: 金钱菌属--jin qian jun shu--蔬菜园艺
电子资源:
ISBN: 978-7-5046-8259-8
000 01042nam0 2200265 450
001 CAL 0120192828761
005 20230217093111.0
010    @a978-7-5046-8259-8@dCNY22.00
100    @a20190814d2019 em y0chiy0120 ea
101 0  @achi
102    @aCN@b110000
105    @aafk a 000yy
106    @ar
200 1  @a金针菇优质生产技术@Ajin zhen gu you zhi sheng chan ji shu@f高春燕, 王朝江, 李慧编著
210    @a北京@c中国科学技术出版社@d2019.06
215    @a141页, 4页图版@c图@d21cm
320    @a有书目
330    @a本书详细介绍了金针菇形态特征、生长发育周期、生长发育环境、品种类型及栽培季节、三级菌种 (母种、原种、栽培种) 的生产过程、菌种保藏、菌种的质量控制、菌种的标准化生产、栽培设施与生产设备、栽培原料与配制、主要的生产模式与管理技术、采收与加工、病虫害防治等。
606 0  @a金钱菌属@Ajin qian jun shu@x蔬菜园艺
690    @aS646.1@v5
701  0 @a高春燕@Agao chun yan@4编著
701  0 @a王朝江@Awang zhao jiang@4编著
701  0 @a李慧@Ali hui@4编著
801  0 @aCN@bBJXHZP@c20230228
905    @b1401694-7@dS646.1@e713@f4
    
    金针菇优质生产技术/高春燕, 王朝江, 李慧编著.-北京:中国科学技术出版社,2019.06
    141页, 4页图版:图;21cm
    
    
    ISBN 978-7-5046-8259-8:CNY22.00
    本书详细介绍了金针菇形态特征、生长发育周期、生长发育环境、品种类型及栽培季节、三级菌种 (母种、原种、栽培种) 的生产过程、菌种保藏、菌种的质量控制、菌种的标准化生产、栽培设施与生产设备、栽培原料与配制、主要的生产模式与管理技术、采收与加工、病虫害防治等。
●
相关链接 在E读中查询图书 在五车中查询图书 在当当中查询图书 在豆瓣中查询图书


正题名:金针菇优质生产技术     索取号:S646.1/713         预约/预借

序号 登录号 条形码 馆藏地/架位号 状态 备注
1 1401694   214016946   第二样本阅览室/ [索取号:S646.1/713] 在馆    
2 1401695   214016955   第三借阅区/ [索取号:S646.1/713] 在馆    
3 1401696   214016964   第三借阅区/ [索取号:S646.1/713] 在馆    
4 1401697   214016973   第三借阅区/ [索取号:S646.1/713] 在馆    
唐山师范学院图书馆 欢迎您!
大连网信软件有限公司© 版权所有